Estadísticas para Países que tocan el Mar Rojo

Haz click aquí para tomar la prueba!

Estadísticas generales

  • Esta prueba ha sido tomada 1,031 veces
  • La puntuación promedio es 7 de 8

Estadísticas de respuestas

País % Correcto
Egipto
98%
Arabia Saudita
95%
Israel
92%
Yemen
92%
Eritrea
87%
Jordania
84%
Sudán
81%
Yibuti
77%

Distribución de puntuación

Porcentaje por número respondido

Porcentaje de gente con cada puntuación

Historial de tus puntuaciones

No has tomado esta prueba